Algunos problemas no lineales de la mecánica /

Guardado en:
Autor Principal: Laura, Patricio A. A.
Formato: Libro
Idioma:Spanish
Publicado: Base naval Puerto Belgrano : Instituto de mecánica aplicada, 1983.
Etiquetas: Agregar Etiqueta
Sin Etiquetas, Sea el primero en etiquetar este registro!
LEADER 00504nam a22001455a 4500
001 EUN.um033084
003 AR-BaUNS
005 20050623122907.0
008 041125s1983####ag#a##########000#0#spa#d
245 1 0 |a Algunos problemas no lineales de la mecánica /  |c Patricio A. A. Laura. 
260 |a Base naval Puerto Belgrano :  |b Instituto de mecánica aplicada,  |c 1983. 
300 |a 56 p. :  |b ilus. ;  |c 29,5 cm. 
100 1 |a Laura, Patricio A. A. 
082 0 4 |a 620.7 
859 |a Ar-BaUNS  |b BIB. CENTRAL - Sector C  |h 620.7  |i L373  |p 90303/983